[Event "2nd Marlboro it"]
[Site "Manila PHI"]
[Date "1974.10.11"]
[Round "6"]
[White "Ljubojevic, Ljubomir"]
[Black "Andersson, Ulf"]
[Result "1/2-1/2"]
[WhiteElo "2605"]
[BlackElo "2580"]
[EventDate "1974.10.05"]
[PlyCount "83"]

1.e4 c5 2.Nf3 e6 3.d4 cxd4 4.Nxd4 Nf6 5.Bd3 Nc6 6.Nxc6 dxc6 7.f4 e5 8.f5 
Nxe4 9.Qe2 Bxf5 10.O-O Bg6 11.Nc3 Nxc3 12.Qxe5+ Qe7 13.Qxc3 Qb4 14.Be3 
Qxc3 15.bxc3 Bxd3 16.cxd3 f6 17.Rf3 Be7 18.a4 Kf7 19.Kf2 Rad8 20.Ke2 Rd7 
21.h3 Re8 22.Kd2 Bd8 23.Bxa7 b6 24.Bb8 Be7 25.Bf4 Ra8 26.Be3 c5 27.d4 Ra5 
28.Rff1 cxd4 29.Bxd4 Bc5 30.Ke3 Bxd4+ 31.cxd4 Rda7 32.Rab1 R7a6 33.Rb4 
Rxa4 34.Rxa4 Rxa4 35.Rb1 Ra6 36.Ke4 Ke6 37.g4 Kd6 38.h4 Kc6 39.Rc1+ Kd7 
40.Rb1 Kc6 41.h5 Kd7 42.Rb2 1/2-1/2

[Event "2nd Marlboro it"]
[Site "Manila PHI"]
[Date "1974.10.11"]
[Round "6"]
[White "Gligoric, Svetozar"]
[Black "Portisch, Lajos"]
[Result "1-0"]
[WhiteElo "2585"]
[BlackElo "2645"]
[EventDate "1974.10.05"]
[PlyCount "63"]

1.d4 Nf6 2.c4 c5 3.d5 e6 4.Nc3 exd5 5.cxd5 d6 6.e4 g6 7.Nf3 Bg7 8.Be2 O-O 
9.O-O Re8 10.Nd2 Na6 11.f3 Nc7 12.a4 Nd7 13.Kh1 f5 14.exf5 gxf5 15.Nc4 Ne5
16.Nxe5 Bxe5 17.f4 Bg7 18.Bh5 Rf8 19.Rf3 Ne8 20.Bxe8 Qxe8 21.Rg3 Bd7 22.
Bd2 Rf6 23.Qb3 Rg6 24.Re1 Qd8 25.Nb5 Be8 26.Rge3 Bf7 27.Re7 a6 28.Nc7 Rb8 
29.Qh3 Rg4 30.Qd3 Bf6 31.Qxf5 Rg6 32.Rd7 1-0

[Event "2nd Marlboro it"]
[Site "Manila PHI"]
[Date "1974.10.11"]
[Round "6"]
[White "Naranja, Renato"]
[Black "Quinteros, Miguel Angel"]
[Result "0-1"]
[WhiteElo "2395"]
[BlackElo "2495"]
[EventDate "1974.10.05"]
[PlyCount "71"]

1.c4 g6 2.g3 Bg7 3.Bg2 d6 4.d4 Nf6 5.e4 O-O 6.Ne2 Nbd7 7.Nbc3 e5 8.d5 Nc5 
9.b4 Ncd7 10.a3 a5 11.Rb1 Nb6 12.Qb3 axb4 13.axb4 c6 14.O-O cxd5 15.cxd5 
Bd7 16.b5 Qc7 17.Nd1 Rfc8 18.Nec3 Be8 19.Re1 Nfd7 20.Bf1 Nc5 21.Qb4 f5 22.
f3 Qf7 23.Nb2 Bd7 24.Bg2 f4 25.Bd2 h5 26.Ne2 g5 27.h3 Bf6 28.g4 Nba4 29.
Nc1 Nxb2 30.Rxb2 Bd8 31.b6 Na4 32.Rb1 Bxb6+ 33.Kf1 hxg4 34.hxg4 Ba5 35.
Qxd6 Bxd2 36.Rxb7 0-1

[Event "2nd Marlboro it"]
[Site "Manila PHI"]
[Date "1974.10.11"]
[Round "6"]
[White "Cardoso, Rodolfo Tan"]
[Black "Pfleger, Helmut"]
[Result "1/2-1/2"]
[WhiteElo "2385"]
[BlackElo "2535"]
[EventDate "1974.10.05"]
[PlyCount "61"]

1.e4 d6 2.d4 Nf6 3.Nc3 g6 4.f3 Bg7 5.Be3 c6 6.Qd2 b5 7.a3 Nbd7 8.Nh3 O-O 
9.Nf2 Nb6 10.Bh6 a5 11.g4 e5 12.Bxg7 Kxg7 13.Ncd1 Qc7 14.Ne3 d5 15.dxe5 
Qxe5 16.Nd3 Qe7 17.g5 Nh5 18.Qc3+ Kg8 19.Qxc6 dxe4 20.fxe4 Ra6 21.Qc5 Qxe4
22.Nf2 Qf4 23.Bxb5 Na4 24.Bxa4 Re6 25.O-O-O Rxe3 26.Kb1 Bf5 27.Rd2 Rf3 28.
Rd4 Qe3 29.Nd1 Qxg5 30.Re1 Nf4 31.Qc6 1/2-1/2

[Event "2nd Marlboro it"]
[Site "Manila PHI"]
[Date "1974.10.11"]
[Round "6"]
[White "Kraidman, Yair"]
[Black "Kavalek, Lubomir"]
[Result "1/2-1/2"]
[WhiteElo "2470"]
[BlackElo "2625"]
[EventDate "1974.10.05"]
[PlyCount "83"]

1.d4 Nf6 2.c4 c5 3.d5 d6 4.Nc3 g6 5.e4 Bg7 6.Nf3 O-O 7.Be2 e6 8.O-O Re8 9.
b3 Nxd5 10.exd5 Bxc3 11.Bg5 Bf6 12.dxe6 Rxe6 13.Qd2 Nc6 14.Rfe1 Bd7 15.
Rad1 Qe7 16.Bxf6 Qxf6 17.Ng5 Re7 18.Bf3 Rxe1+ 19.Rxe1 Bf5 20.Bd5 Rf8 21.h3
h6 22.Nxf7 Rxf7 23.Qxh6 Bd7 24.Re4 Nd4 25.Bxf7+ Qxf7 26.Rh4 Qg7 27.Qg5 Ne6
28.Qg3 Qa1+ 29.Kh2 Qe5 30.Qxe5 dxe5 31.Re4 Kf7 32.Rxe5 Kf6 33.Re1 a5 34.
Rb1 Nd4 35.g4 g5 36.Rb2 Ke5 37.Kg3 Ke4 38.Rb1 Ne2+ 39.Kg2 Nf4+ 40.Kg3 Ne2+
41.Kg2 Nf4+ 42.Kg3 1/2-1/2

[Event "2nd Marlboro it"]
[Site "Manila PHI"]
[Date "1974.10.11"]
[Round "6"]
[White "Vasiukov, Evgeny"]
[Black "Larsen, Bent"]
[Result "1-0"]
[WhiteElo "2560"]
[BlackElo "2630"]
[EventDate "1974.10.05"]
[PlyCount "97"]

1.e4 c5 2.Nf3 e6 3.d4 cxd4 4.Nxd4 Nf6 5.Nc3 d6 6.g4 h6 7.h4 Nc6 8.Rg1 h5 
9.gxh5 Nxh5 10.Bg5 Qc7 11.Qd2 a6 12.O-O-O Nxd4 13.Qxd4 Bd7 14.Kb1 Rc8 15.
Be2 b5 16.Rge1 Qc5 17.Qd2 Nf6 18.a3 Qc7 19.f4 Qb7 20.e5 dxe5 21.Bf3 Qxf3 
22.Bxf6 Qc6 23.Ne4 b4 24.fxe5 bxa3 25.Re3 Qxc2+ 26.Qxc2 a2+ 27.Kxa2 Rxc2 
28.Rb3 Rc8 29.Rb7 Bb5 30.Bxg7 Bxg7 31.Nd6+ Kf8 32.Nxc8 Bxe5 33.Rd8+ Kg7 
34.Rxh8 Kxh8 35.Rxf7 Bg3 36.h5 Be2 37.h6 e5 38.Nd6 Bf4 39.Re7 Bh5 40.Kb3 
Bg6 41.Nf7+ Bxf7+ 42.Rxf7 Bxh6 43.Ra7 Kg8 44.Kc4 Kf8 45.Kd5 Bc1 46.b3 Bb2 
47.Rxa6 Ke7 48.Rh6 Bc3 49.Rc6 1-0

[Event "2nd Marlboro it"]
[Site "Manila PHI"]
[Date "1974.10.12"]
[Round "7"]
[White "Andersson, Ulf"]
[Black "Torre, Eugenio"]
[Result "1/2-1/2"]
[WhiteElo "2580"]
[BlackElo "2450"]
[EventDate "1974.10.05"]
[PlyCount "26"]

1.c4 g6 2.Nc3 Bg7 3.g3 d6 4.Bg2 Nf6 5.b3 O-O 6.Bb2 c6 7.Nf3 e5 8.O-O Re8 
9.e4 Nbd7 10.d3 a6 11.b4 b5 12.cxb5 axb5 13.a4 bxa4 1/2-1/2

[Event "2nd Marlboro it"]
[Site "Manila PHI"]
[Date "1974.10.12"]
[Round "7"]
[White "Gheorghiu, Florin"]
[Black "Gligoric, Svetozar"]
[Result "1/2-1/2"]
[WhiteElo "2540"]
[BlackElo "2585"]
[EventDate "1974.10.05"]
[PlyCount "34"]

1.e4 e6 2.d4 d5 3.Nc3 Bb4 4.Ne2 dxe4 5.a3 Bxc3+ 6.Nxc3 Nc6 7.Bb5 Ne7 8.
Nxe4 e5 9.Bg5 Qxd4 10.Qxd4 exd4 11.Bxe7 Kxe7 12.O-O-O Rd8 13.Rhe1 Kf8 14.
Bxc6 bxc6 15.c3 Bf5 16.cxd4 Bxe4 17.Rxe4 Rd5 1/2-1/2

[Event "2nd Marlboro it"]
[Site "Manila PHI"]
[Date "1974.10.12"]
[Round "7"]
[White "Larsen, Bent"]
[Black "Cardoso, Rodolfo Tan"]
[Result "1-0"]
[WhiteElo "2630"]
[BlackElo "2385"]
[EventDate "1974.10.05"]
[PlyCount "107"]

1.g3 g6 2.Bg2 Bg7 3.c4 e5 4.Nc3 c6 5.e4 Ne7 6.Nge2 O-O 7.O-O d6 8.d4 Be6 
9.d5 cxd5 10.cxd5 Bd7 11.Be3 b5 12.a4 b4 13.Nb5 a5 14.Nxd6 Bxa4 15.Rxa4 
Qxd6 16.Nc1 f5 17.Nb3 Nd7 18.Nxa5 fxe4 19.Bxe4 Nf6 20.Nc4 Qd8 21.Rxa8 Qxa8
22.d6 Nxe4 23.dxe7 Re8 24.Qd7 Kh8 25.Nb6 Nf6 26.Qc7 Qf3 27.Nc4 Ng8 28.Bg5 
Bf6 29.Nxe5 Qd5 30.Bxf6+ Nxf6 31.Re1 Kg7 32.Nc4 Ne4 33.Qf4 Ng5 34.Qe5+ 
Qxe5 35.Nxe5 Rxe7 36.Kf1 Rc7 37.h4 Nf7 38.Nxf7 Kxf7 39.Re4 Rb7 40.Ke2 Kf6 
41.Kd3 g5 42.Kc4 Rd7 43.b3 h6 44.hxg5+ hxg5 45.f4 gxf4 46.Rxf4+ Ke5 47.
Kxb4 Rb7+ 48.Ka3 Rg7 49.Rf3 Ke4 50.Rc3 Kd4 51.Kb2 Kd5 52.b4 Kd6 53.Kb3 Rg8
54.b5 1-0

[Event "2nd Marlboro it"]
[Site "Manila PHI"]
[Date "1974.10.14"]
[Round "8"]
[White "Gligoric, Svetozar"]
[Black "Andersson, Ulf"]
[Result "1-0"]
[WhiteElo "2585"]
[BlackElo "2580"]
[EventDate "1974.10.05"]
[PlyCount "97"]

1.d4 Nf6 2.c4 e6 3.Nc3 Bb4 4.e3 b6 5.Ne2 Ne4 6.Qc2 f5 7.a3 Bxc3+ 8.Nxc3 
Bb7 9.d5 Nxc3 10.Qxc3 Qf6 11.Qxf6 gxf6 12.b4 a5 13.b5 Ke7 14.Bb2 exd5 15.
Rd1 dxc4 16.Bxc4 d6 17.Rd5 Nd7 18.Rxf5 Ne5 19.Rf4 h5 20.O-O Raf8 21.Rc1 
Kd8 22.Be2 h4 23.f3 Rh7 24.Kf2 Rff7 25.Rd1 Bc8 26.Rfd4 Be6 27.Rc1 Rfg7 28.
Rd2 Rf7 29.Bd4 Ke8 30.h3 f5 31.f4 Ng6 32.Bxb6 cxb6 33.Rxd6 Nf8 34.Rcc6 Bb3
35.Rxb6 Rd7 36.Rf6 Ke7 37.Rxf5 Ne6 38.Re5 Rd6 39.Ra6 Rxa6 40.bxa6 Kd6 41.
Rxa5 Ra7 42.Rh5 Rc7 43.Rxh4 Rc2 44.a7 Bd5 45.Rh8 Nc7 46.Rd8+ Kc5 47.f5 Ra2
48.f6 Rxa3 49.f7 1-0

[Event "2nd Marlboro it"]
[Site "Manila PHI"]
[Date "1974.10.14"]
[Round "8"]
[White "Torre, Eugenio"]
[Black "Petrosian, Tigran"]
[Result "1/2-1/2"]
[WhiteElo "2450"]
[BlackElo "2640"]
[EventDate "1974.10.05"]
[PlyCount "23"]

1.e4 e6 2.d4 d5 3.Nd2 c5 4.Ngf3 Nc6 5.exd5 exd5 6.Bb5 Bd6 7.O-O Ne7 8.dxc5
Bxc5 9.Nb3 Bd6 10.Nbd4 O-O 11.c3 Bg4 12.Be2 1/2-1/2

[Event "2nd Marlboro it"]
[Site "Manila PHI"]
[Date "1974.10.14"]
[Round "8"]
[White "Vasiukov, Evgeny"]
[Black "Quinteros, Miguel Angel"]
[Result "1/2-1/2"]
[WhiteElo "2560"]
[BlackElo "2495"]
[EventDate "1974.10.05"]
[PlyCount "74"]

1.e4 c5 2.Nf3 d6 3.d4 cxd4 4.Nxd4 Nf6 5.Nc3 a6 6.Be2 Nbd7 7.g4 d5 8.exd5 
Nb6 9.Bf3 Nfxd5 10.Nxd5 Nxd5 11.c4 Nf6 12.O-O e6 13.Bf4 Be7 14.Nb3 Nd7 15.
Qd2 O-O 16.Rfd1 Qb6 17.Qa5 e5 18.Rxd7 Qxa5 19.Nxa5 Bxd7 20.Bxe5 b6 21.Bxa8
Rxa8 22.Rd1 Bxg4 23.Rd4 Be6 24.Nb7 Rc8 25.b3 h5 26.Nd6 Rc6 27.h4 Kh7 28.a4
Rc5 29.Bg3 Bf6 30.Rd3 Be7 31.Kg2 Kg6 32.f3 Rc6 33.Rd4 Bf6 34.Rd1 Be7 35.
Rd3 Rc7 36.Rd2 Rc6 37.Rd3 Kh7 1/2-1/2

[Event "2nd Marlboro it"]
[Site "Manila PHI"]
[Date "1974.10.14"]
[Round "8"]
[White "Cardoso, Rodolfo Tan"]
[Black "Kavalek, Lubomir"]
[Result "1/2-1/2"]
[WhiteElo "2385"]
[BlackElo "2625"]
[EventDate "1974.10.05"]
[PlyCount "100"]

1.e4 c5 2.Nf3 e6 3.d4 cxd4 4.Nxd4 a6 5.Nc3 Qc7 6.g3 Bb4 7.Ne2 Be7 8.Bg2 
Nf6 9.O-O O-O 10.Nf4 Nc6 11.a4 Rb8 12.Qe2 d6 13.Rd1 Bd7 14.Be3 Rfc8 15.h3 
Ne5 16.Ba7 Ra8 17.Bd4 b6 18.Nd3 Nc6 19.Be3 Rab8 20.g4 b5 21.axb5 axb5 22.
Rac1 b4 23.Nb1 Ne5 24.c4 bxc3 25.Rxc3 Qb7 26.Nxe5 dxe5 27.Rxc8+ Rxc8 28.
Nc3 Bc6 29.Bc1 Nd7 30.g5 Nc5 31.h4 g6 32.Kh2 Rb8 33.Qg4 Rd8 34.Rxd8+ Bxd8 
35.Qe2 Qb4 36.Be3 Be7 37.f3 Qb3 38.Bf1 Qb7 39.Kg3 Nb3 40.Nb5 Bc5 41.Bxc5 
Nxc5 42.b4 Na6 43.Nd6 Qxb4 44.Nxf7 Kxf7 45.Qxa6 Bd7 46.Bg2 Ke7 47.Qa8 Be8 
48.Qc8 Qb6 49.Qc3 Kd6 50.Qa3+ Qc5 1/2-1/2

[Event "2nd Marlboro it"]
[Site "Manila PHI"]
[Date "1974.10.14"]
[Round "8"]
[White "Naranja, Renato"]
[Black "Gheorghiu, Florin"]
[Result "0-1"]
[WhiteElo "2395"]
[BlackElo "2540"]
[EventDate "1974.10.05"]
[PlyCount "54"]

1.c4 g6 2.Nf3 Bg7 3.d4 c5 4.d5 d6 5.Nc3 Nf6 6.e4 O-O 7.Be2 e5 8.Bg5 h6 9.
Bxf6 Bxf6 10.h4 a6 11.h5 Kg7 12.Qd2 Rh8 13.Nd1 Bg4 14.Ne3 Bxf3 15.Bxf3 Nd7
16.Bg4 Bg5 17.Bxd7 Qxd7 18.hxg6 fxg6 19.Qe2 b5 20.b3 Rab8 21.Rc1 Rhf8 22.
Rc2 Rf7 23.f3 Qd8 24.Qd2 Bf4 25.Ke2 Qg5 26.Kd3 Rfb7 27.Qe2 Bxe3 0-1

[Event "2nd Marlboro it"]
[Site "Manila PHI"]
[Date "1974.10.14"]
[Round "8"]
[White "Pfleger, Helmut"]
[Black "Larsen, Bent"]
[Result "1-0"]
[WhiteElo "2535"]
[BlackElo "2630"]
[EventDate "1974.10.05"]
[PlyCount "121"]

1.c4 g6 2.Nc3 Bg7 3.g3 Nc6 4.Bg2 d6 5.Nf3 e5 6.d3 f5 7.O-O Nf6 8.Rb1 h6 9.
b4 g5 10.b5 Ne7 11.a4 Nd7 12.Ne1 Nc5 13.e3 O-O 14.d4 Ne6 15.Nc2 exd4 16.
exd4 f4 17.Re1 Kh8 18.Nd5 Nf5 19.Bb2 Bd7 20.Qd3 c6 21.bxc6 bxc6 22.Ndb4 g4
23.Nxc6 Bxc6 24.Bxc6 Ng5 25.Bg2 Rb8 26.Bc3 Rxb1 27.Rxb1 Qf6 28.gxf4 Nh4 
29.d5 Qxf4 30.Bxg7+ Kxg7 31.Qd4+ Kg6 32.Qxf4 Rxf4 33.Ne3 Rd4 34.Rb8 Rd2 
35.Rd8 Ra2 36.Rxd6+ Kh5 37.Kf1 Ra1+ 38.Ke2 Ra2+ 39.Kd3 Rxf2 40.Be4 Rd2+ 
41.Kxd2 Nxe4+ 42.Kd3 Nxd6 43.c5 Nf7 44.c6 Kg5 45.c7 Nd6 46.Kd4 Kf6 47.
Nxg4+ Ke7 48.Ne5 Nhf5+ 49.Kc5 h5 50.a5 Kf6 51.Nc6 Nc8 52.a6 h4 53.h3 Ng7 
54.Nd4 Ne8 55.Kc6 Ne7+ 56.Kd7 Nxc7 57.Kxc7 Nxd5+ 58.Kb7 Kg5 59.Nf3+ Kf4 
60.Nxh4 Kg3 61.Ng2 1-0

[Event "2nd Marlboro it"]
[Site "Manila PHI"]
[Date "1974.10.15"]
[Round "9"]
[White "Ljubojevic, Ljubomir"]
[Black "Torre, Eugenio"]
[Result "1-0"]
[WhiteElo "2605"]
[BlackElo "2450"]
[EventDate "1974.10.05"]
[PlyCount "75"]

1.e4 d6 2.d4 Nf6 3.Nc3 g6 4.f4 Bg7 5.Nf3 c5 6.dxc5 Qa5 7.Bd3 Qxc5 8.Qe2 
O-O 9.Be3 Qa5 10.O-O Nc6 11.h3 Nb4 12.a3 Nxd3 13.cxd3 Bd7 14.Qf2 b6 15.e5 
Ne8 16.b4 Qa6 17.Nd5 e6 18.Ne7+ Kh8 19.Ng5 h6 20.Qh4 Qxd3 21.Rf3 Rc8 22.
Bf2 Qc2 23.Nxc8 Bxc8 24.Re1 Bb7 25.Rfe3 Qc6 26.Nf3 Nc7 27.R3e2 Kg8 28.Bd4 
Qc4 29.Qf2 Nb5 30.Rc2 Qb3 31.Bb2 Bxf3 32.Re3 Qa4 33.Rxf3 Rd8 34.Rd3 Qa6 
35.Qd2 Bf8 36.Rc1 Qb7 37.exd6 Rxd6 38.Rxd6 1-0

[Event "2nd Marlboro it"]
[Site "Manila PHI"]
[Date "1974.10.15"]
[Round "9"]
[White "Petrosian, Tigran"]
[Black "Gligoric, Svetozar"]
[Result "1-0"]
[WhiteElo "2640"]
[BlackElo "2585"]
[EventDate "1974.10.05"]
[PlyCount "91"]

1.c4 g6 2.e4 Bg7 3.d4 d6 4.Nc3 Nf6 5.f3 O-O 6.Be3 e5 7.d5 c6 8.Nge2 cxd5 
9.cxd5 Nbd7 10.Ng3 a6 11.Be2 h5 12.Bg5 Qe8 13.Qc2 Nh7 14.Bd2 Qd8 15.Nf1 b5
16.Be3 f5 17.exf5 gxf5 18.Bf2 Ndf6 19.Ne3 e4 20.f4 Bd7 21.Qd2 Rc8 22.a3 
Qe8 23.O-O Qg6 24.h3 Rf7 25.a4 Bh6 26.Bh4 b4 27.Na2 a5 28.Nc1 Rg7 29.Bb5 
Bxb5 30.axb5 Rc5 31.Rxa5 Rb7 32.Nb3 Rcxb5 33.Rxb5 Rxb5 34.Nd4 Rc5 35.Ndxf5
Bf8 36.Rc1 Nxd5 37.Rxc5 Nxe3 38.Rb5 Qe8 39.Qe2 Nxf5 40.Rxf5 Qe6 41.Rxh5 
Bg7 42.Bf2 Qb3 43.Qd2 Nf6 44.Rg5 Qd3 45.Qc1 Kh7 46.Qc7 1-0

[Event "2nd Marlboro it"]
[Site "Manila PHI"]
[Date "1974.10.15"]
[Round "9"]
[White "Portisch, Lajos"]
[Black "Vasiukov, Evgeny"]
[Result "0-1"]
[WhiteElo "2645"]
[BlackElo "2560"]
[EventDate "1974.10.05"]
[PlyCount "94"]

1.d4 Nf6 2.c4 c5 3.d5 b5 4.cxb5 a6 5.bxa6 Bxa6 6.Nc3 d6 7.Nf3 Nbd7 8.e4 
Bxf1 9.Kxf1 g6 10.h3 Bg7 11.Kg1 O-O 12.Kh2 Qa5 13.Re1 Rfb8 14.Re2 Rb4 15.
Kg1 Ne8 16.a3 Rb7 17.Rc2 Rab8 18.Qe2 Ne5 19.Nxe5 Bxe5 20.Bh6 Nc7 21.Rac1 
Rb3 22.f4 Bd4+ 23.Kh2 Qa6 24.Qg4 Qc8 25.Qe2 Qa6 26.Qg4 Ne8 27.Re1 Qd3 28.
Qe2 Qxe2 29.Rexe2 f6 30.h4 Nc7 31.Nd1 Kf7 32.g3 f5 33.e5 Nxd5 34.exd6 exd6
35.Bg5 Re8 36.Rxe8 Kxe8 37.Rd2 Kd7 38.h5 gxh5 39.Kh3 Kc6 40.Kh4 Rf3 41.a4 
Nb6 42.Nc3 Nc4 43.Re2 Nxb2 44.Nb5 Nxa4 45.Nxd4+ cxd4 46.Rd2 d3 47.Kxh5 
Rxg3 0-1

[Event "2nd Marlboro it"]
[Site "Manila PHI"]
[Date "1974.10.15"]
[Round "9"]
[White "Quinteros, Miguel Angel"]
[Black "Cardoso, Rodolfo Tan"]
[Result "1-0"]
[WhiteElo "2495"]
[BlackElo "2385"]
[EventDate "1974.10.05"]
[PlyCount "81"]

1.d4 Nf6 2.c4 e6 3.Nc3 Bb4 4.Qc2 c5 5.dxc5 Nc6 6.Nf3 Bxc5 7.Bf4 d6 8.e3 e5
9.Bg5 h6 10.Bxf6 Qxf6 11.a3 a5 12.Bd3 O-O 13.O-O Qd8 14.Bf5 Bxf5 15.Qxf5 
Ne7 16.Qc2 Qd7 17.Rfd1 Qe6 18.Nd5 Nxd5 19.Rxd5 Rfc8 20.Qd1 a4 21.Rc1 f5 
22.Ne1 e4 23.Nc2 Qg6 24.Nd4 Rf8 25.Ne2 Qe8 26.Rc2 b5 27.cxb5 Rc8 28.Rcd2 
g5 29.b4 axb3 30.Qxb3 Kh7 31.g3 f4 32.Nd4 Qf7 33.Nf5 fxe3 34.fxe3 g4 35.
Kg2 Rce8 36.Qd1 h5 37.Rxc5 dxc5 38.Rd7 Re5 39.Rxf7+ Rxf7 40.Nd6 Rd7 41.b6 
1-0

[Event "2nd Marlboro it"]
[Site "Manila PHI"]
[Date "1974.10.15"]
[Round "9"]
[White "Andersson, Ulf"]
[Black "Naranja, Renato"]
[Result "1-0"]
[WhiteElo "2580"]
[BlackElo "2395"]
[EventDate "1974.10.05"]
[PlyCount "101"]

1.c4 e5 2.Nc3 Nf6 3.Nf3 Nc6 4.d3 h6 5.e3 d5 6.cxd5 Nxd5 7.Be2 Be7 8.O-O 
O-O 9.Bd2 Be6 10.a3 a5 11.Qc2 f5 12.Nxd5 Bxd5 13.Bc3 Bd6 14.e4 fxe4 15.
dxe4 Be6 16.b3 Qe7 17.Bb2 Rf7 18.Bc4 Raf8 19.Bxe6 Qxe6 20.Ne1 Nd4 21.Bxd4 
exd4 22.g3 Qe7 23.a4 Re8 24.f3 Bb4 25.Nd3 Bc3 26.Rab1 Qg5 27.f4 Qh5 28.Qg2
Rfe7 29.e5 Qf5 30.Rbd1 c6 31.Rf2 Qf7 32.Rb1 Qd5 33.Qxd5+ cxd5 34.Kg2 b5 
35.Re2 Rb7 36.Rd1 bxa4 37.bxa4 g6 38.g4 Rb3 39.f5 Bb4 40.e6 Kg7 41.Nf4 
gxf5 42.gxf5 Kf6 43.Nxd5+ Kxf5 44.Rf1+ Kg6 45.Rf6+ Kg7 46.Rf7+ Kh8 47.e7 
Kg8 48.Ref2 Bxe7 49.Nxe7+ Kh8 50.R2f6 Rb2+ 51.Kh3 1-0

[Event "2nd Marlboro it"]
[Site "Manila PHI"]
[Date "1974.10.15"]
[Round "9"]
[White "Gheorghiu, Florin"]
[Black "Kraidman, Yair"]
[Result "1-0"]
[WhiteElo "2540"]
[BlackElo "2470"]
[EventDate "1974.10.05"]
[PlyCount "69"]

1.d4 Nf6 2.c4 e6 3.Nf3 b6 4.g3 Bb7 5.Bg2 Bb4+ 6.Bd2 Bxd2+ 7.Nbxd2 O-O 8.
O-O d6 9.Qc2 Nbd7 10.e4 e5 11.d5 Nh5 12.b4 a5 13.a3 Bc8 14.c5 bxc5 15.bxc5
Nxc5 16.Nxe5 Ba6 17.Nc6 Qd7 18.Rfe1 Bb5 19.e5 Rfe8 20.f4 Qg4 21.Re3 Bxc6 
22.dxc6 Ne6 23.h3 Qg6 24.Qxg6 hxg6 25.exd6 cxd6 26.Nc4 Nc7 27.Rae1 Nxg3 
28.Nxd6 Rxe3 29.Rxe3 Rd8 30.Re7 Rxd6 31.Rxc7 Ne2+ 32.Kf2 Rd2 33.Rd7 Nd4+ 
34.Ke3 Rxg2 35.Kxd4 1-0

[Event "2nd Marlboro it"]
[Site "Manila PHI"]
[Date "1974.10.15"]
[Round "9"]
[White "Kavalek, Lubomir"]
[Black "Pfleger, Helmut"]
[Result "1/2-1/2"]
[WhiteElo "2625"]
[BlackElo "2535"]
[EventDate "1974.10.05"]
[PlyCount "35"]

1.e4 d6 2.d4 Nf6 3.Nc3 g6 4.Nf3 Bg7 5.h3 O-O 6.Be3 a6 7.a4 b6 8.Bc4 e6 9.
e5 dxe5 10.Nxe5 Bb7 11.O-O Nc6 12.Nxc6 Bxc6 13.Qe2 Bb7 14.Rad1 Qd6 15.Bg5 
Rfe8 16.Bxf6 Bxf6 17.Ne4 Bxe4 18.Qxe4 1/2-1/2

[Event "2nd Marlboro it"]
[Site "Manila PHI"]
[Date "1974.10.16"]
[Round "10"]
[White "Gligoric, Svetozar"]
[Black "Ljubojevic, Ljubomir"]
[Result "1/2-1/2"]
[WhiteElo "2585"]
[BlackElo "2605"]
[EventDate "1974.10.05"]
[PlyCount "134"]

1.d4 Nf6 2.c4 c5 3.d5 d6 4.Nc3 g6 5.e4 Bg7 6.Nf3 O-O 7.Be2 Na6 8.O-O Nc7 
9.h3 e5 10.Bg5 h6 11.Be3 Nh7 12.Qd2 h5 13.Nh2 Ne8 14.f4 exf4 15.Bxf4 a6 
16.Nf3 f6 17.Bd3 Rf7 18.Bg3 Nf8 19.Nh4 b5 20.cxb5 axb5 21.Bxb5 Ba6 22.Bxa6
Rxa6 23.Rae1 Nc7 24.Kh1 Qe8 25.Qd3 Re7 26.Nf3 Nd7 27.Nd2 Ne5 28.Bxe5 fxe5 
29.Nc4 Rf7 30.Rxf7 Qxf7 31.Rf1 Qe7 32.a3 Ra8 33.b4 cxb4 34.axb4 Bh6 35.b5 
h4 36.b6 Ne8 37.Rb1 Nf6 38.b7 Rb8 39.Na5 Qc7 40.Qc4 Qxa5 41.Qc8+ Qd8 42.
Qxd8+ Rxd8 43.b8=Q Rxb8 44.Rxb8+ Kf7 45.Rb7+ Kf8 46.Kg1 Bd2 47.Nb1 Be3+ 
48.Kf1 Nxe4 49.Ke2 Bc1 50.Rc7 Bb2 51.Rb7 Bc1 52.Rb4 Ng3+ 53.Ke1 Bf4 54.Nc3
Ke7 55.Ne2 Nxe2 56.Kxe2 Kf6 57.Rb8 Kf5 58.Rd8 e4 59.Re8 Bg5 60.Re6 Bf4 61.
Kf2 Bg3+ 62.Ke3 Bf4+ 63.Kd4 Be5+ 64.Ke3 Bf4+ 65.Ke2 Be5 66.Re8 Bf4 67.Kd1 
Be3 1/2-1/2

[Event "2nd Marlboro it"]
[Site "Manila PHI"]
[Date "1974.10.16"]
[Round "10"]
[White "Kraidman, Yair"]
[Black "Andersson, Ulf"]
[Result "1/2-1/2"]
[WhiteElo "2470"]
[BlackElo "2580"]
[EventDate "1974.10.05"]
[PlyCount "38"]

1.d4 Nf6 2.c4 e6 3.Nc3 Bb4 4.e3 c5 5.Bd3 O-O 6.Nf3 d5 7.O-O dxc4 8.Bxc4 
Nbd7 9.Qe2 a6 10.a4 cxd4 11.exd4 Re8 12.Bg5 b6 13.Ne5 Bb7 14.Nxd7 Qxd7 15.
Bxf6 gxf6 16.Rfd1 Kh8 17.d5 exd5 18.Qf3 Bxc3 19.bxc3 Qe6 1/2-1/2

[Event "2nd Marlboro it"]
[Site "Manila PHI"]
[Date "1974.10.16"]
[Round "10"]
[White "Larsen, Bent"]
[Black "Kavalek, Lubomir"]
[Result "0-1"]
[WhiteElo "2630"]
[BlackElo "2625"]
[EventDate "1974.10.05"]
[PlyCount "70"]

1.Nf3 g6 2.e4 Bg7 3.d4 d6 4.Nbd2 Nf6 5.Bd3 O-O 6.O-O Nc6 7.Re1 Re8 8.d5 
Nb8 9.Nb3 e5 10.dxe6 Bxe6 11.Ng5 Nc6 12.Nxe6 Rxe6 13.Bg5 h6 14.Bh4 g5 15.
Bg3 Qe7 16.f3 Nh5 17.Bc4 Rg6 18.Bf2 Bxb2 19.Rb1 Bc3 20.Re3 Be5 21.c3 Qf6 
22.Bd5 Nf4 23.Nd2 Bxc3 24.Rxb7 Bd4 25.Rxc7 Nxd5 26.exd5 Bxe3 27.Bxe3 Ne5 
28.Qc2 Re8 29.Rc8 Rxc8 30.Qxc8+ Kh7 31.Ne4 Nxf3+ 32.Kf2 Qb2+ 33.Kxf3 g4+ 
34.Kg3 Qe5+ 35.Bf4 Qxe4 0-1

[Event "2nd Marlboro it"]
[Site "Manila PHI"]
[Date "1974.10.16"]
[Round "10"]
[White "Naranja, Renato"]
[Black "Petrosian, Tigran"]
[Result "1/2-1/2"]
[WhiteElo "2395"]
[BlackElo "2640"]
[EventDate "1974.10.05"]
[PlyCount "35"]

1.c4 Nf6 2.e3 g6 3.d4 Bg7 4.Nc3 c5 5.Bd3 O-O 6.Nf3 d5 7.O-O dxc4 8.Bxc4 
Nbd7 9.Qe2 a6 10.a4 cxd4 11.exd4 Re8 12.Bg5 b6 13.Ne5 Bb7 14.Nxd7 Qxd7 15.
Bxf6 Bxf6 16.Rfd1 Kh8 17.d5 Bxc3 18.bxc3 1/2-1/2

[Event "2nd Marlboro it"]
[Site "Manila PHI"]
[Date "1974.10.16"]
[Round "10"]
[White "Vasiukov, Evgeny"]
[Black "Gheorghiu, Florin"]
[Result "1-0"]
[WhiteElo "2560"]
[BlackElo "2540"]
[EventDate "1974.10.05"]
[PlyCount "91"]

1.e4 e5 2.Nf3 Nc6 3.Bc4 Be7 4.d4 d6 5.dxe5 dxe5 6.Qxd8+ Bxd8 7.Nc3 Nf6 8.
Be3 O-O 9.Bc5 Re8 10.Ng5 Be6 11.Nxe6 fxe6 12.Bb5 Nd7 13.Bxc6 bxc6 14.Ba3 
Nb6 15.b3 Be7 16.Bxe7 Rxe7 17.O-O-O Kf8 18.Rd3 Rd7 19.Rxd7 Nxd7 20.Nd1 a5 
21.a4 c5 22.Nb2 Nb6 23.Rd1 c4 24.bxc4 Ke7 25.c5 Nd7 26.Nd3 Ra6 27.Kb2 Rc6 
28.Ka3 Kf6 29.Kb3 Nxc5+ 30.Nxc5 Rxc5 31.Rd7 Rc6 32.c3 h6 33.f3 g5 34.g3 
Kg6 35.h3 Rb6+ 36.Kc2 Rc6 37.Rd8 Rc4 38.Kb3 Rc6 39.Ra8 Rc5 40.Rb8 Rc6 41.
Rb5 Ra6 42.Rxe5 Kf6 43.Rc5 c6 44.f4 Rb6+ 45.Kc2 Ra6 46.Kd3 1-0

[Event "2nd Marlboro it"]
[Site "Manila PHI"]
[Date "1974.10.17"]
[Round "11"]
[White "Andersson, Ulf"]
[Black "Vasiukov, Evgeny"]
[Result "1/2-1/2"]
[WhiteElo "2580"]
[BlackElo "2560"]
[EventDate "1974.10.05"]
[PlyCount "83"]

1.c4 e5 2.Nc3 Nf6 3.Nf3 Nc6 4.d3 d5 5.cxd5 Nxd5 6.g3 Be7 7.Bg2 Be6 8.O-O 
O-O 9.Bd2 Qd7 10.a3 f6 11.Rc1 Rf7 12.b4 a6 13.Na4 Rd8 14.Nc5 Bxc5 15.Rxc5 
g5 16.Qb1 Rg7 17.Rfc1 Kh8 18.a4 g4 19.b5 axb5 20.axb5 Na7 21.Nxe5 fxe5 22.
Qa1 b6 23.Bxd5 bxc5 24.Bxe6 Qxe6 25.Qxa7 Qb6 26.Qa1 Re8 27.Qa4 Rg6 28.Be3 
c6 29.Rxc5 cxb5 30.Rxb5 Qa6 31.Ra5 Qc6 32.Qa1 Rge6 33.d4 Qe4 34.Rb5 Ra8 
35.Qb2 Rea6 36.Rb8+ Rxb8 37.Qxb8+ Kg7 38.Qxe5+ Qxe5 39.dxe5 Ra1+ 40.Kg2 
Re1 41.h3 h5 42.hxg4 1/2-1/2

[Event "2nd Marlboro it"]
[Site "Manila PHI"]
[Date "1974.10.17"]
[Round "11"]
[White "Ljubojevic, Ljubomir"]
[Black "Naranja, Renato"]
[Result "1-0"]
[WhiteElo "2605"]
[BlackElo "2395"]
[EventDate "1974.10.05"]
[PlyCount "82"]

1.e4 e6 2.d4 d5 3.Nc3 Bb4 4.e5 c5 5.a3 Bxc3+ 6.bxc3 Qa5 7.Bd2 c4 8.Qg4 g6 
9.h4 h5 10.Qf3 Qa4 11.Qd1 Nc6 12.Nh3 Bd7 13.Ng5 Nce7 14.Qc1 Qa6 15.g3 Ba4 
16.Bh3 Qc6 17.Rb1 b6 18.O-O Rb8 19.Re1 Rb7 20.Re2 Nc8 21.Nf3 Kd8 22.Bg5+ 
Kc7 23.Ne1 Kb8 24.Ng2 Ka8 25.f3 a5 26.g4 Ka7 27.Nf4 Nce7 28.Rg2 Qe8 29.Qb2
Bd7 30.Kh1 Qf8 31.Re1 hxg4 32.fxg4 f6 33.exf6 Nxf6 34.Qc1 Rh7 35.Kg1 Bc8 
36.Rf2 Ne4 37.Rxe4 dxe4 38.Nxg6 Qxf2+ 39.Kxf2 Nxg6 40.Bg2 Rbf7+ 41.Kg3 Bb7
1-0

[Event "2nd Marlboro it"]
[Site "Manila PHI"]
[Date "1974.10.17"]
[Round "11"]
[White "Quinteros, Miguel Angel"]
[Black "Larsen, Bent"]
[Result "0-1"]
[WhiteElo "2495"]
[BlackElo "2630"]
[EventDate "1974.10.05"]
[PlyCount "80"]

1.d4 e6 2.e4 c5 3.d5 exd5 4.exd5 d6 5.Bd3 Nf6 6.c4 Be7 7.Nc3 O-O 8.h3 Nbd7
9.f4 Ne8 10.g4 g6 11.Be3 Bh4+ 12.Kf1 Bf6 13.Qd2 a6 14.a4 Qa5 15.Ne4 Bd8 
16.Qc2 Ndf6 17.Ng3 Ng7 18.Nf3 Nd7 19.Kg2 Qc7 20.g5 Rb8 21.b3 b5 22.axb5 
axb5 23.h4 bxc4 24.bxc4 Re8 25.Bd2 Nf8 26.Ba5 Qd7 27.h5 Bxa5 28.Rxa5 Re3 
29.Qd2 Rxd3 30.Qxd3 Qg4 31.Kf2 Rb2+ 32.Ne2 Nxh5 33.Rxh5 gxh5 34.Qc3 Rb8 
35.Qf6 Qh3 36.Ra7 Bd7 37.Ra3 Rb1 38.Ng3 h4 39.Nh5 Rf1+ 40.Ke2 Qg2+ 0-1